000 00260nam a22001097a 4500
008 180803b xxu||||| |||| 00| 0 eng d
082 _a813.52
245 _aAlias the complete first season
_cNTSC
300 _a6
_fCD
440 _x786936788228
942 _2ddc
_cMX
999 _c46791
_d46791